Marcus & Martinus The Room songs - Statistics

General Stats
  • This quiz has been taken 20 times
  • The average score is 8 of 11
Answer Stats
Answer % Correct
1 The Room
100%
4 With You
100%
9 You Make Me
89%
7 Jinx It
78%
2 Sugar Rush
78%
11 Christmas To Me
67%
3 Diva
67%
8 Endless Summer
67%
6 Saturn
67%
5 Another Life
56%
10 Wonder
56%
No matching quizzes found
Score Distribution
Percent of People with Each Score
Percentile by Number Answered
Your Score History
You have not taken this quiz